Swaty warmińskie : (Rekord nr 27274)
| 000 -Nagłówek | |
|---|---|
| fixed length control field | 00985cam a2200265 i 4500 |
| 001 - Nr kontrolny bibl., która utworzyła rek. | |
| control field | xx002290165 |
| 003 - Siglum bibl., której nr kontr. jest w 001 | |
| control field | NUKAT |
| 005 - Data i czas ostatniej operacji | |
| control field | 20260326070859.0 |
| 008 - Elementy pola stałej długości | |
| fixed length control field | 111205s1886 pl |000 d pol c |
| 035 ## - Systemowy numer kontrolny | |
| systemowy numer kontrolny | (OCoLC)803954814 |
| 035 ## - Systemowy numer kontrolny | |
| systemowy numer kontrolny | (NUKAT)xx002290165 |
| 040 ## - Instytucja sporządzająca opis | |
| Instytucja, która sporządziła opis | LUBL M/mm |
| język katalgowania-trzyzn. kod | pol |
| zasady opisu | rda |
| Instytucja, która sporządziła rekord | LUBL M/mm |
| Instytucja, która zmodyfikowała rekord | LUBL M/JD |
| -- | OLSZT 008/AL |
| 100 1# - Hasło główne-nazwa osobowa | |
| Nazwa osobowa | Liszewski, Jan |
| Daty biograficzne | (1852-1894). |
| rodzaj współpracy | Autor |
| -- | Nakładca |
| 9 (RLIN) | 8032 |
| 245 10 - Tytuł właściwy i oznaczenie odpow. | |
| tytuł | Swaty warmińskie : |
| dodatek do tytułu | sztuczka teatralna w trzech aktach / |
| dod. inf. ze s. tyt./ozn. odpow. | przez Jana Liszewskiego. |
| 250 ## - Oznaczenie wydania | |
| oznaczenie wydania | Wydanie drugie. |
| 260 ## - Adres wydawniczy | |
| miejsce wydania, dystrybucji itp. | [Gniezno] : |
| nazwa wydawcy, dystrybutora itp. | nakładem autora, |
| data wydania, dystrybucji itp. | 1886 |
| miejsce druku | (Gniezno : |
| nazwa drukarni | czcionkami J. B. Langiego). |
| 300 ## - Opis fizyczny | |
| objętość i/lub forma materiału | 27 stron ; |
| format | 19 cm. |
| 336 ## - Content Type | |
| Term | Tekst |
| Code | txt |
| Source | rdacontent |
| 337 ## - Media Type | |
| Term | Bez urządzenia pośredniczącego |
| Code | n |
| Source | rdamedia |
| 338 ## - Carrier Type | |
| Term | Wolumin |
| Code | nc |
| Source | rdacarrier |
| 510 3# - Uwaga o cytowaniu lub źródłach opisu bibliogr. | |
| nazwa źródła | Estr nie notuje |
| 655 #7 - Termin określający rodzaj/formę | |
| rodzaj/forma | Dramat polski |
| określnik chronologiczny | 1870-1914. |
| źródło terminu | kaba |
| 9 (RLIN) | 38643 |
| 710 2# - Hasło dodatkowe - nazwa ciała zbior. | |
| nazwa ciała zbior. lub nazwa geogr. | J. B. Lange Księgarnia i Drukarnia (Gniezno). |
| rodzaj współpracy | Druk |
| kod rodzaju współpracy | prt |
| 9 (RLIN) | 4142 |
| 942 ## - ADDED ENTRY ELEMENTS (KOHA) | |
| Source of classification or shelving scheme | Dewey Decimal Classification |
| Koha item type | pozycje dostępne na miejscu |
| Status wycofania | Status zagubienia | Klasyfikacja | Status uszkodzenia | Ograniczenia użycia | Blokada wypożyczeń | Kolekcja | Lokalizacja macierzysta | Lokalizacja bieżąca | Data nabycia | Numer akcesji | Źródło akcesji | Nr inwentarzowy | il. wypożyczeń | Sygnatura | Kod kreskowy | Date last seen | Price effective from | Typ egz. | Uwaga OPAC |
|---|---|---|---|---|---|---|---|---|---|---|---|---|---|---|---|---|---|---|---|
| Dewey Decimal Classification | uszkodzona | użycie ograniczone | Pracownia Badań Księgozbiorów Historycznych | Biblioteka Instytutu Północnego w Olsztynie | Pracownia Badań Księgozbiorów Historycznych | 26/03/2026 | K-55/1970 | kupno | 14265 | 14265 | IPWK20934 | 26/03/2026 | 26/03/2026 | pozycje dostępne na miejscu | egzemplarz bardzo zniszczony; w udostępnianiu używać dołączonej kopii | ||||
| Dewey Decimal Classification | nieuszkodzona | Pracownia Badań Księgozbiorów Historycznych | Biblioteka Instytutu Północnego w Olsztynie | Pracownia Badań Księgozbiorów Historycznych | 26/03/2026 | K-55/1970 | kupno | 14265/kopia | 14265/kopia | IPWK21487 | 27/03/2026 | 26/03/2026 | pozycje dostępne na miejscu |